00461nam a22001577a 4500020001800000082001200018100001400030245004600044260003500090300000800125650001600133650002000149942000700169999001500176952011200191 a9788174733863 a519 VER aVerma,K.K aThe Elements of the Theory of Probability aNew DelhibA.I.T.B.S pubc2007 a244 aprobability aRandom Variable cBK c3640d3640 0010708NFICaMLCampusbMLCampuscGENd2016-10-12l0o519 VERp006501r2022-11-17 00:00:00w2016-10-12yBK